000 00429nam a2200181Ia 4500
001 19838
005 20260306172722.0
008 260306t2018||||xx |||||||||||||| ||spa||
041 _aESP
082 _a341.11
_bP25
100 _aPapayannis, Diego M.
_eAUT
245 0 _aFilosofía del derecho privado
260 _c2018
300 _a455 páginas :
_c23 cm.
650 _aGEN
654 _aCDE
942 _cLIB
_dJUS
_fJUS
_2ddc
_n
999 _c19838
_d19838